<?xml version="1.0" encoding="UTF-8"?><?xml-stylesheet type="text/xsl" href="static/style.xsl"?><OAI-PMH xmlns="http://www.openarchives.org/OAI/2.0/" xmlns:xsi="http://www.w3.org/2001/XMLSchema-instance" xsi:schemaLocation="http://www.openarchives.org/OAI/2.0/ http://www.openarchives.org/OAI/2.0/OAI-PMH.xsd"><responseDate>2026-04-14T08:26:06Z</responseDate><request verb="GetRecord" identifier="oai:www.recercat.cat:10459.1/469179" metadataPrefix="marc">https://recercat.cat/oai/request</request><GetRecord><record><header><identifier>oai:recercat.cat:10459.1/469179</identifier><datestamp>2025-12-15T19:14:00Z</datestamp><setSpec>com_2072_3622</setSpec><setSpec>col_2072_479130</setSpec></header><metadata><record xmlns="http://www.loc.gov/MARC21/slim" xmlns:dcterms="http://purl.org/dc/terms/" xmlns:xsi="http://www.w3.org/2001/XMLSchema-instance" xmlns:doc="http://www.lyncode.com/xoai" xsi:schemaLocation="http://www.loc.gov/MARC21/slim http://www.loc.gov/standards/marcxml/schema/MARC21slim.xsd">
   <leader>00925njm 22002777a 4500</leader>
   <datafield ind2=" " ind1=" " tag="042">
      <subfield code="a">dc</subfield>
   </datafield>
   <datafield ind2=" " ind1=" " tag="720">
      <subfield code="a">Eraso Cisneros, Byron</subfield>
      <subfield code="e">author</subfield>
   </datafield>
   <datafield ind2=" " ind1=" " tag="260">
      <subfield code="c">2025-11-26T11:36:42Z</subfield>
   </datafield>
   <datafield ind2=" " ind1=" " tag="260">
      <subfield code="c">2025-11-26T11:36:42Z</subfield>
   </datafield>
   <datafield ind2=" " ind1=" " tag="260">
      <subfield code="c">2025-10-28</subfield>
   </datafield>
   <datafield ind2=" " ind1=" " tag="520">
      <subfield code="a">L'estudi va avaluar l'eficiència de bancs i cooperatives d'estalvi i crèdit a l'Equador entre el 2015 i el&#xd;
2023, aplicant el model d'Anàlisi Envoltant de Dades (DEA) per mesurar el seu exercici financer i&#xd;
operatiu. Els resultats van indicar que les cooperatives presenten una eficiència relativa superior als&#xd;
bancs, destacant-se per una gestió més eficient dels de COVID-19. Malgrat la disminució general de&#xd;
l'eficiència entre 2020 i 2021, les cooperatives van mostrar més resiliència a causa del seu&#xd;
enfocament flexible i comunitari. sostenibilitat del sector. Es recomana enfortir l'anàlisi de tendències&#xd;
econòmiques, adoptar estratègies cooperativistes a la banca tradicional, millorar els models&#xd;
d'avaluació amb noves variables i optimitzar costos mitjançant digitalització i automatització.</subfield>
   </datafield>
   <datafield ind2=" " ind1=" " tag="520">
      <subfield code="a">El estudio evaluó la eficiencia de bancos y cooperativas de ahorro y crédito en Ecuador entre 2015 y&#xd;
2023, aplicando el modelo de Análisis Envolvente de Datos (DEA) para medir su desempeño&#xd;
financiero y operativo. Los resultados indicaron que las cooperativas presentan una eficiencia relativa&#xd;
superior a los bancos, destacándose por una gestión más eficiente de los recursos, especialmente en&#xd;
tiempos de crisis como la pandemia de COVID-19. A pesar de la disminución general de la eficiencia&#xd;
entre 2020 y 2021, las cooperativas mostraron mayor resiliencia debido a su enfoque flexible y&#xd;
comunitario. Además, la inclusión de variables como gastos operativos permitió evidenciar su impacto&#xd;
negativo en la eficiencia financiera, resaltando la necesidad de optimizar costos sin afectar la calidad&#xd;
del servicio. Se concluyó que la gestión eficiente de recursos es clave para el desempeño financiero y&#xd;
la sostenibilidad del sector. Se recomienda fortalecer el análisis de tendencias económicas, adoptar&#xd;
estrategias cooperativistas en la banca tradicional, mejorar los modelos de evaluación con nuevas&#xd;
variables y optimizar costos mediante digitalización y automatización.</subfield>
   </datafield>
   <datafield ind2=" " ind1=" " tag="520">
      <subfield code="a">The study assessed the efficiency of banks and credit unions in Ecuador from 2015 to 2023 using the&#xd;
Data Envelopment Analysis (DEA) model to measure their financial and operational performance. The&#xd;
results indicated that credit unions exhibited relatively higher efficiency than banks, particularly in&#xd;
resource management, especially during crises such as the COVID-19 pandemic. Although overall&#xd;
efficiency declined between 2020 and 2021, credit unions demonstrated greater resilience due to their&#xd;
flexible and community-based approach. Additionally, the inclusion of variables such as operating&#xd;
expenses highlighted their negative impact on financial efficiency, emphasizing the need to optimize&#xd;
costs without compromising service quality. The study concluded that efficient resource management&#xd;
is crucial for financial performance and sector sustainability. It is recommended to strengthen&#xd;
economic trend analysis, adopt cooperative strategies in traditional banking, enhance evaluation&#xd;
models with new variables, and optimize costs through digitalization and automation.</subfield>
   </datafield>
   <datafield tag="653" ind2=" " ind1=" ">
      <subfield code="a">Eficiència financera</subfield>
   </datafield>
   <datafield tag="653" ind2=" " ind1=" ">
      <subfield code="a">DEA</subfield>
   </datafield>
   <datafield tag="653" ind2=" " ind1=" ">
      <subfield code="a">Gestió de recursos</subfield>
   </datafield>
   <datafield tag="653" ind2=" " ind1=" ">
      <subfield code="a">Exercici financer</subfield>
   </datafield>
   <datafield tag="653" ind2=" " ind1=" ">
      <subfield code="a">Eficiencia financiera</subfield>
   </datafield>
   <datafield tag="653" ind2=" " ind1=" ">
      <subfield code="a">Gestión de recursos</subfield>
   </datafield>
   <datafield tag="653" ind2=" " ind1=" ">
      <subfield code="a">Desempeño financiero</subfield>
   </datafield>
   <datafield tag="653" ind2=" " ind1=" ">
      <subfield code="a">Financial efficiency</subfield>
   </datafield>
   <datafield tag="653" ind2=" " ind1=" ">
      <subfield code="a">Resource management</subfield>
   </datafield>
   <datafield tag="653" ind2=" " ind1=" ">
      <subfield code="a">Financial performance</subfield>
   </datafield>
   <datafield tag="653" ind2=" " ind1=" ">
      <subfield code="a">Economia Financera i Comptabilitat</subfield>
   </datafield>
   <datafield tag="653" ind2=" " ind1=" ">
      <subfield code="a">336</subfield>
   </datafield>
   <datafield ind2="0" ind1="0" tag="245">
      <subfield code="a">Análisis comparativo de la eficiencia en la gestión de recursos: bancos vs. cooperativas de ahorro y crédito en Ecuador</subfield>
   </datafield>
</record></metadata></record></GetRecord></OAI-PMH>